|
|
|
|
| LEADER |
00000nam2a2200000 4500 |
| 001 |
313319 |
| 005 |
20231102002553.0 |
| 010 |
|
|
|a 9785982279439
|
| 035 |
|
|
|a (RuTPU)RU\TPU\book\338703
|
| 090 |
|
|
|a 313319
|
| 100 |
|
|
|a 20160121d2015 k y0rusy50 ca
|
| 101 |
0 |
|
|a rus
|
| 102 |
|
|
|a RU
|
| 105 |
|
|
|a a z 001zy
|
| 200 |
0 |
|
|a Т. 3 : Инженерно-геологические структуры России
|f под ред. В. Т. Трофимова, Т. И. Аверкина
|
| 210 |
|
|
|a Москва
|c КДУ
|d 2015
|
| 215 |
|
|
|a 710 с.
|c ил.
|
| 320 |
|
|
|a Библиография в конце глав.
|
| 330 |
|
|
|a В первой части монографии рассмотрены представления о понятии «инженерно-геологические структуры», их иерархии, о закономерностях пространственного распределения супер- и мегаструктур Земли. Во второй части описаны типологические инженерно-геологические структуры, а в третьей – региональные инженерно- геологические структуры территории России. Четвертая часть посвящена характеристике антропогенно преобразованных инженерно-геологических структур России. Книга предназначена для широкого круга специалистов – геологов, инженер-геологов, геокриологов, географов, а также студентов и аспирантов различных специальностей, связанных с изучением инженерно-геологических условий.
|
| 461 |
|
1 |
|0 (RuTPU)RU\TPU\book\211550
|t Инженерная геология России
|o [монография]
|f Московский государственный университет им. М. В. Ломоносова (МГУ) ; под ред. В. Т. Трофимова, Е. А. Вознесенского, В. А. Королева
|v Т. 3 : Инженерно-геологические структуры России
|d 2011-
|
| 606 |
1 |
|
|a Инженерная геология
|2 stltpush
|3 (RuTPU)RU\TPU\subj\12572
|9 39335
|
| 610 |
1 |
|
|a Земля
|
| 610 |
1 |
|
|a инженерно-геологические структуры
|
| 610 |
1 |
|
|a суперструктуры
|
| 610 |
1 |
|
|a метаструктуры
|
| 610 |
1 |
|
|a пространственное распределение
|
| 610 |
1 |
|
|a Россия
|
| 610 |
1 |
|
|a территории
|
| 610 |
1 |
|
|a типологические структуры
|
| 610 |
1 |
|
|a субаэральные структуры
|
| 610 |
1 |
|
|a субаквальные структуры
|
| 610 |
1 |
|
|a континентальные структуры
|
| 610 |
1 |
|
|a океанические структуры
|
| 610 |
1 |
|
|a региональные структуры
|
| 610 |
1 |
|
|a древние платформы
|
| 610 |
1 |
|
|a молодые платформы
|
| 610 |
1 |
|
|a древние орогены
|
| 610 |
1 |
|
|a молодые орогены
|
| 610 |
1 |
|
|a новейшие орогены
|
| 610 |
1 |
|
|a новейшие рифогены
|
| 610 |
1 |
|
|a Атлантический шельф
|
| 610 |
1 |
|
|a Каспийское море
|
| 610 |
1 |
|
|a Северный Ледовитый океан
|
| 610 |
1 |
|
|a региональные переходные структуры
|
| 610 |
1 |
|
|a антропогенные воздействия
|
| 610 |
1 |
|
|a последствия
|
| 610 |
1 |
|
|a измененность
|
| 610 |
1 |
|
|a монографии
|
| 675 |
|
|
|a 624.131.1
|v 4
|
| 702 |
|
1 |
|a Трофимов
|b В. Т.
|4 340
|
| 702 |
|
1 |
|a Аверкин
|b Т. И.
|4 340
|
| 801 |
|
1 |
|a RU
|b 63413507
|c 20160121
|
| 801 |
|
2 |
|a RU
|b 63413507
|c 20160408
|g RCR
|
| 900 |
|
|
|a Инженерная геология
|
| 942 |
|
|
|c BK
|
| 959 |
|
|
|a 6/20160121
|d 5
|e 968,00
|f ЧЗТЛ:1
|f УФ:4
|